[Event "Leiden SB-ch 1819"]
[Site "Leiden"]
[Date "2019.02.15"]
[Round "5"]
[White "Warnaar, Alisha"]
[Black "Agaian, Jura"]
[Result "1-0"]
[WhiteElo "1741"]
[BlackElo "1755"]
[PlyCount "111"]
[EventDate "2018.10.19"]
[EventType "swiss"]
[EventRounds "9"]
[EventCountry "NED"]
[SourceTitle "EXT 2023"]
[Source "ChessBase"]
[SourceDate "2022.10.05"]
[SourceVersion "1"]
[SourceVersionDate "2022.10.05"]
[SourceQuality "1"]

1. e4 c5 2. Nf3 Nc6 3. d4 cxd4 4. Nxd4 d6 5. Nc3 e6 6. Be3 Bd7 7. Be2 Be7 8. Qd2 Nxd4 9. Bxd4 Nf6 10. 0-0 0-0 11. Rad1 Bc6 12. Bd3 e5 13. Be3 Ng4 14. Bc4 Kh8 15. Bd5 Nxe3 16. Qxe3 Bxd5 17. Nxd5 Bg5 18. Qd3 Rc8 19. c3 Qd7 20. Qg3 Bh6 21. Qh4 f5 22. Ne7 Rc4 23. f3 Be3+ 24. Kh1 Rf6 25. Nd5 Rh6 26. Qe1 Bg5 27. b3 Rc5 28. exf5 Qxf5 29. f4 Bh4 30. fxe5 Qc8 31. g3 Qg8 32. e6 Bxg3 33. Qxg3 Rxe6 34. c4 Rc8 35. Rde1 Rce8 36. Rxe6 Rxe6 37. Qf4 h6 38. Qf8 a6 39. Qxg8+ Kxg8 40. Kg2 b5 41. Nc7 Rg6+ 42. Kf3 bxc4 43. bxc4 a5 44. Nd5 Re6 45. Rb1 g5 46. Rb5 g4+ 47. Kxg4 Re4+ 48. Kh5 Rxc4 49. Kxh6 Rh4+ 50. Kg6 Rg4+ 51. Kf6 Rh4 52. Ne7+ Kh7 53. Rg5 Rh6+ 54. Rg6 Rxg6+ 55. Nxg6 d5 56. Nf4 1-0

[Event "Leiden SB-ch"]
[Site "Leiden"]
[Date "2007.06.26"]
[Round "7"]
[White "Agaian, Jura"]
[Black "Kuipers, Joris"]
[Result "0-1"]
[WhiteElo "1842"]
[BlackElo "1562"]
[PlyCount "120"]
[EventDate "2007.05.15"]
[EventType "swiss"]
[EventRounds "7"]
[EventCountry "NED"]
[SourceTitle "EXT 2012"]
[Source "ChessBase"]
[SourceDate "2011.11.24"]
[SourceVersion "1"]
[SourceVersionDate "2011.11.24"]
[SourceQuality "1"]

1. e4 c6 2. d4 d5 3. Nd2 dxe4 4. Nxe4 Bf5 5. Ng3 Bg6 6. h4 h6 7. h5 Bh7 8. Nf3 e6 9. Bd3 Bxd3 10. Qxd3 Nf6 11. Bf4 Bb4+ 12. c3 Bd6 13. Bxd6 Qxd6 14. 0-0-0 Nbd7 15. Rhe1 Rd8 16. Nf5 Qf4+ 17. Kb1 0-0 18. Ne7+ Kh8 19. Rxe6 Nc5 20. Rxf6 Nxd3 21. Rxf4 Nxf4 22. g4 Rfe8 23. Nf5 Re2 24. Rf1 Nd3 25. b3 Rde8 26. Nd6 Rb2+ 27. Ka1 Ree2 28. Nc4 Rxa2+ 29. Kb1 Rac2 30. d5 Rxf2 31. Rxf2 Rxf2 32. d6 Nc5 33. Nce5 Ne6 34. Nxf7+ Kg8 35. N7e5 Kf8 36. Kc1 Ke8 37. b4 Rxf3 38. Nxf3 Kd7 39. Kd2 Kxd6 40. Ke3 Kd5 41. Nh4 b6 42. Nf5 a5 43. Ne7+ Kd6 44. Nf5+ Ke5 45. Ne7 a4 46. Kd2 Kf4 47. Nxc6 Kxg4 48. Ne5+ Kxh5 49. b5 Nc5 50. Nc4 Nd7 51. Kc2 g5 52. Kb2 g4 53. Ka3 Kg5 54. Kxa4 g3 55. Nxb6 Nxb6+ 56. Ka5 g2 57. Kxb6 g1Q+ 58. Ka5 Qa1+ 59. Kb4 Qb2+ 60. Kc4 Kf5 0-1

[Event "Leiden SB-ch"]
[Site "Leiden"]
[Date "2007.06.19"]
[Round "6"]
[White "Hortensius, Lisa"]
[Black "Agaian, Jura"]
[Result "1-0"]
[WhiteElo "1861"]
[BlackElo "1842"]
[PlyCount "69"]
[EventDate "2007.05.15"]
[EventType "swiss"]
[EventRounds "7"]
[EventCountry "NED"]
[SourceTitle "EXT 2012"]
[Source "ChessBase"]
[SourceDate "2011.11.24"]
[SourceVersion "1"]
[SourceVersionDate "2011.11.24"]
[SourceQuality "1"]

1. e4 c5 2. Nf3 d6 3. d4 cxd4 4. Nxd4 g6 5. Nc3 a6 6. Be3 Bg7 7. Qd2 Nc6 8. f3 Nf6 9. 0-0-0 Nxd4 10. Bxd4 0-0 11. g4 Qa5 12. g5 Nh5 13. Bxg7 Nxg7 14. Kb1 Be6 15. Nd5 Qd8 16. f4 Rc8 17. h4 Nh5 18. Rh2 Bg4 19. Be2 Bxe2 20. Rxe2 e6 21. Nc3 Rc6 22. e5 d5 23. Ne4 Qc7 24. Nf6+ Nxf6 25. gxf6 Rc8 26. f5 Kh8 27. h5 Rg8 28. hxg6 fxg6 29. fxe6 Rxe6 30. Qxd5 Rge8 31. Qd7 Qxd7 32. Rxd7 h5 33. b3 b5 34. Rg2 Rxe5 35. Rxg6 1-0

[Event "Leiden SB-ch"]
[Site "Leiden"]
[Date "2003.05.27"]
[Round "2"]
[White "Van Ketel, Raoul"]
[Black "Agaian, Jura"]
[Result "1-0"]
[WhiteElo "2159"]
[BlackElo "1796"]
[PlyCount "39"]
[EventDate "2003.05.20"]
[EventType "swiss"]
[EventRounds "7"]
[EventCountry "NED"]
[SourceTitle "CBM 095 Extra"]
[Source "ChessBase"]
[SourceDate "2003.09.04"]
[SourceVersion "1"]
[SourceVersionDate "2003.09.04"]
[SourceQuality "1"]

1. d4 Nf6 2. c4 e6 3. Nc3 d5 4. cxd5 Nxd5 5. e4 Nxc3 6. bxc3 Be7 7. Nf3 Nd7 8. Bd3 b6 9. 0-0 0-0 10. Qe2 Bb7 11. Bb2 Nf6 12. Rad1 a5 13. c4 Nd7 14. Bc2 f6 15. Ba4 c6 16. d5 cxd5 17. exd5 exd5 18. Qe6+ Kh8 19. Bxd7 Ba6 20. Qxd5 1-0